000 00317nam a2200097Ia 4500
082 _a780.89 HAUP
245 0 _aStatic : race and representation in post-apartheid music, media and film
100 _a Haupt, Adam Cape Town, South Africa, 2012
_973512
942 _cBK
008 210817s9999 xx 000 0 und d
999 _c240855
_d240854